000 00768cam a2200229 4500
001 J272
008 090401t1991 xxu||||| |||| 00| 0 eng d
035 _a(Sirsi) u74186
041 _aeng
050 _a692.9
090 _aJCT 1991/8A
110 _aJoint Contracts Tribunal
_93664
245 4 _aThe standard form of nomination instruction for a sub-contractor for use under clause 35.6 of the Standard Form of Building Contract 1980 edition...nomination instruction NSC/N.
260 _aLondon
_bRIBA Publications Ltd.
_c1991
300 _a2p. in pad of 50 forms ; 30cm.
350 _a0
650 _aJCT STANDARD FORM OF CONTRACT 1980
650 _aSUBCONTRACTS
690 _aBUILT ENVIRONMENT-BUILDING CONTRACT FORMS
942 _n0
948 _c04/03/1997
999 _c95783
_d95783